00429nam a22001457a 4500003000500000005001700005008004100022010001800063082001500081100003900096245007800135260003700213300001900250563001400269NUST20260512154443.0260512b ||||| |||| 00| 0 eng d a969-8961-01-1 a338.5bMUH aU.G.A. Isani, Muhammad Latif Virk. aManual of University Laws in PakistancU.G.A. Isani, Muhammad Latif Virk. aPakistanbIqra University,c2006 a733 p ;c36.00 aHardcover